000 00794nam a2200265 a 4500
001
003 OSt
005 20220819141634.0
007 ta
008 110426s20uu dr 000 0 spa d
040 _aDO-SdBNP
_bspa
_cDO-SdBNP
049 _a
082 4 _aRD861.5
_bV145p
_222
100 1 _aValdez Almonte, Víctor A.
_956567
245 1 0 _aPoemas, pensamientos y reflexión sobre el conocimiento de Dios. /
_cVictor A. Valdez Almonte.
260 _a[Santo Domingo] :
_b[s. l.],
_c[200-?].
300 _a116 p. ;
_c22 cm.
500 _a
590 _aInventariado, 2020/VM
650 4 _aPoesía religiosa dominicana
_924595
650 4 _a Dios
_vCitas, máximas, etc .
_982195
650 4 _aLiteratura dominicana
910 _aValidado. Control de calidad MFF
942 _2ddc
_cLBS1
999 _c48847
_d48847